| 000 | 01663njm a2200349Ia 4500 | ||
|---|---|---|---|
| 001 | 73374 | ||
| 003 | IT-RoPAU | ||
| 005 | 20220918181144.0 | ||
| 008 | 131025s9999 xx 000 0 und d | ||
| 040 | _aIT-RoPAU | ||
| 040 | _cIT-RoPAU | ||
| 041 | _aPOLACCO | ||
| 999 |
_c101512 _d101512 |
||
| 999 | _bn.d. | ||
| 100 |
_aJezowska Majka _924957 |
||
| 100 |
_eAutore musica _924958 |
||
| 100 |
_gCodice autore musica SPICS: 25455 _924959 |
||
| 245 | _aWibracje (Lp Sx 2555) | ||
| 250 | _a1a ed. | ||
| 260 | _aPOLONIA | ||
| 260 |
_bMUZA _c1987 [1a Ed.:1987 - Ed. Lingua Orig.: 1987] |
||
| 300 | _aDISCO | ||
| 300 | _c41 minuti (Testo: 0 pag.) | ||
| 500 | _aMusica leggera polacca. canzone polacca | ||
| 505 | _aTani Dreszcz, Tanie Lzy (4:00) - Ratuj Sie Sam (5:00) - Goracy Snieg (5:00) - Papierowy Man [(Wersja Angielska) (5:00)] - Wibracje (5:00) - Ogolnie Jest O.K. (5:00) - Spisek Owadow (5:00) - Odchodze W Deszczu (5:00) | ||
| 650 |
_aCANZONE POLACCA [DISCHI] _eCodice MATERIA SPICS: 9950 _924960 |
||
| 700 |
_aJezowska Majka _gCodice interprete SPICS: 25455 _eInterprete _924961 |
||
| 700 |
_aLog T. _gCodice autore musica SPICS: 25456 _eAutore musica _pTani Dreszcz, Tanie Lzy - Goracy Snieg - Papierowy Man (Wersja Angielska) _924963 |
||
| 700 |
_aDutkiewicz M. _gCodice autore testo/musica SPICS: 25181 _eAutore testo/musica _pTani Dreszcz, Tanie Lzy _924964 |
||
| 700 |
_aCygan Jacek _gCodice autore testo/musica SPICS: 21358 _eAutore testo/musica _pRatuj Sie Sam - Ogolnie Jest O.K. - Odchodze W Deszczu _924965 |
||
| 700 |
_aMogielnicki A. _gCodice autore testo/musica SPICS: 25151 _eAutore testo/musica _pGoracy Snieg - Wibracje - Spisek Owadow _924966 |
||
| 942 |
_cMD _2ddc |
||